000
00327nam a2200145Ia 4500
100
_a
National Business
942
_c
BK
654
_a
Business management
245
_a
Successful Business Management
260
_b
A business Leaders Book
_a
London
082
_a
658
_b
NAT
300
_a
333
546
_a
ENGLISH
999
_c
23204
_d
23204